| 000 | 00811nam a2200301 a 4500 | ||
|---|---|---|---|
| 003 | AR-BaBNM | ||
| 005 | 20251128204511.0 | ||
| 008 | 082120s2002 ||||||||||||||000 | spa|| | ||
| 020 | _a84-206-8051-6 | ||
| 040 | _cAR-BaBNM | ||
| 100 | 1 | _aHarré, Rom | |
| 245 | 0 | 0 |
_aEl ser social _buna teoría para la psicología social |
| 260 |
_aMadrid _bAlianza Editorial _c1982 |
||
| 300 | _a425 p. | ||
| 490 | 0 |
_aAlianza Universidad Textos _vv. 51 |
|
| 500 | _aContiene índice de nombres | ||
| 650 | 4 | _aSOCIOLOGIA | |
| 650 | 4 | _aPSICOLOGIA SOCIAL | |
| 650 | 4 | _aSOCIOMETRIA | |
| 650 | 4 | _aCIENCIAS SOCIALES | |
| 650 | 4 | _aCONDUCTA | |
| 650 | 4 | _aCAMBIO SOCIAL | |
| 650 | 4 | _aDESARROLLO SOCIAL | |
| 650 | 4 | _aINDIVIDUO | |
| 700 | 1 |
_aRodríguez López, José Luis _etraductor |
|
| 942 | _cBK | ||
| 998 | _cCarmen | ||
| 999 |
_c7665 _d7665 |
||